| 000 | 02735nam0a2200565 4500 | ||
|---|---|---|---|
| 001 | RU\NLR\bibl\113350 | ||
| 005 | 20250617093205.0 | ||
| 010 | _a0-942143-05-1 | ||
| 010 |
_a5-8278-0057-3 _91000 |
||
| 020 |
_aRU _b98-29898 _9Книжная летопись |
||
| 021 |
_aRU _b98-21326 _91006 |
||
| 035 | _a(NLR Aleph) 000110964 | ||
| 090 |
_a629451 _c629451 |
||
| 100 | _a20000410d1997 |||y0rusy50 ca | ||
| 101 | 1 |
_arus _ceng |
|
| 102 | _aRU | ||
| 105 | _aa ||||||||| | ||
| 200 | 1 |
_aГимнастика мозга _eПростые упражнения для учения целост. мозгом _fДоктор Пол И. Деннисон, Гейл Деннисон _gПер. [с англ.] к.психол.н. С.К. Мастуговой _gИл. Г. Деннисон |
|
| 210 |
_aМ. _cЧаст. образоват. учреждение психол. помощи "Восхождение" _d1997 |
||
| 215 |
_a49 с. _cил. _d20 |
||
| 300 | _aНа с. 47 авт.: Пол И. Деннисон - д-р философии | ||
| 300 | _aЗагл. и авт. ориг.: Brain gym : Simple Activities for Whole Brain Learning / Paul E. Dennison, Ph.D. and Gail E. Dennison | ||
| 300 | _aНа тит. л. в вып. дан. также: Ventura: Инкорпорация Образоват. Кинестетики | ||
| 454 | 0 |
_12001#$aBrain gym$eSimple Activities for Whole Brain Learning$fPaul E. Dennison, Ph.D. and Gail E. Dennison _tBrain gym |
|
| 606 | 1 |
_aДети _xРазвитие интеллекта _xИспользование физической культуры и спорта _92282158 _3RU\NLR\AUTH\6601595401 |
|
| 606 | 1 |
_aДети _xФизическое воспитание _9937895 _3RU\NLR\AUTH\66346522 |
|
| 610 | 0 | _aинтеллектуальное развитие | |
| 610 | 0 | _aигровые методы обучения | |
| 610 | 0 | _aГимнастика гигиеническая | |
| 610 | 0 | _aДети - Здоровье и гигиена | |
| 610 | 0 | _aГигиена детского возраста | |
| 675 | _a159.9 | ||
| 675 |
_a613.955 _v3 _zrus |
||
| 686 |
_a76.33 _2rugasnti |
||
| 686 |
_a51.204 _2rubbk |
||
| 686 | 1 | _aЧ411.38 | |
| 686 | 1 | _aЧ421.2 | |
| 686 | 1 | _aЧ491.31 | |
| 686 | 1 | _aЧ313.354 | |
| 686 | _aЮ984.0 | ||
| 700 | 1 |
_4070 _7ca _8rus _aДеннисон _bП. Е. _gПол Е. _9156556 _3RU\NLR\AUTH\770156595 |
|
| 701 | 1 |
_4070 _7ca _8rus _aДеннисон _bГ. Е. _gГейл Е. _9156558 _3RU\NLR\AUTH\770156597 |
|
| 801 | 0 |
_aRU _bRKP _c20000410 _gPSBO |
|
| 801 | 1 |
_aRU _bRKP _c20000410 |
|
| 801 | 2 |
_aRU _bNLR _c20001026 _grcr |
|
| 852 |
_aNLR _j98-4/12567 |
||
| 942 | _cBOOK | ||
| 980 | _aNB | ||